[Event "Mephisto Cup (40/120')"]
[Site "?"]
[Date "2014.??.??"]
[Round "1"]
[White "Mephisto ARM2, RISC 1.2."]
[Black "Mephisto ARM6, Montreux"]
[Result "1-0"]
[WhiteElo "2263"]
[BlackElo "2250"]
[Annotator "xchessg"]
[PlyCount "84"]
[SourceDate "2009.11.09"]

1. d4 d5 {Aktiv} 2. c4 Nc6 3. Nf3 Bg4 4. cxd5 Bxf3 5. gxf3 Qxd5 6. e3 e6 7. Nc3
Qh5 8. f4 Qxd1+ 9. Kxd1 {[%eval 0,0] *Grossbuch;} O-O-O 10. Bg2 Nce7 11. Bd2 {
[%eval 20,0]} Nf6 {*Randombook; -49} 12. Rc1 Kb8 13. Rg1 Nf5 {a tempo} 14. Ne4
Nxe4 {a tempo} 15. Bxe4 {[%eval 38,0]} g6 {-46} 16. Ke2 h5 17. Ba5 Rd7 {a tempo
} 18. d5 exd5 19. Bxf5 gxf5 20. Bc3 {[%eval 85,0]} f6 {-93} 21. Bxf6 {a tempo}
Rhh7 22. Rg8 {a tempo} Rhf7 23. Be5 {a tempo} h4 24. Rh8 Kc8 25. Rg1 {[%eval
134,0] a tempo;} Rd8 {-150} 26. Rxh4 Bc5 27. Rh5 d4 28. Rgg5 {a tempo} dxe3 29.
fxe3 Rdf8 30. h4 {[%eval 148,0]} Be7 {-150} 31. Rg6 a6 32. Rhh6 Rd8 33. h5 a5
34. Rg1 Bb4 35. Rh1 {[%eval 191,0]} Rd2+ {-176} 36. Kf3 Kd7 37. Rg6 Bf8 {-253}
38. h6 {[%eval 260,0]} Rh7 39. Bc3 Rc2 40. Rh5 {[%eval 317,0]} Ke7 {-287} 41.
Rxf5 Rxh6 42. Rxh6 Bxh6 {-303} 1-0

[Event "Mephisto Cup (40/120')"]
[Site "?"]
[Date "2014.??.??"]
[Round "2"]
[White "Mephisto ARM6, Montreux"]
[Black "Mephisto ARM2, RISC 1.2."]
[Result "1/2-1/2"]
[WhiteElo "2250"]
[BlackElo "2263"]
[Annotator "xchessg"]
[PlyCount "141"]
[SourceDate "2009.11.09"]

{Aktiv} 1. e4 e5 2. Nf3 Nc6 3. d4 exd4 4. Nxd4 Bc5 5. Nb3 Bb6 6. a4 a6 7. Nc3
Qf6 8. Qf3 {[%emt 0:00:00] *Randombook;} Qxf3 {[%eval 6,0] *grossbuch,} 9. gxf3
{a tempo} Nb4 10. Bd3 d6 11. a5 Ba7 {a tempo} 12. Rg1 Nxd3+ 13. cxd3 Be6 14.
Ra3 g6 15. d4 O-O-O {[%eval 19,0] a tempo;} 16. d5 {[%emt 0:00:16]} Bd7 {a
tempo} 17. Be3 Bxe3 18. fxe3 Nf6 19. Kf2 Rde8 20. Rc1 {[%emt 0:00:31]} g5 {
[%eval 23,0]} 21. Nd2 g4 22. f4 {a tempo} Kb8 23. Rb3 h5 24. Rb4 h4 25. Rg1 {
-01} Re7 {[%eval 49,0]} 26. Re1 Rhe8 27. Rh1 Nh5 28. Re1 g3+ 29. hxg3 Nxg3 30.
e5 {-03} c5 {[%eval 24,0]} 31. dxc6 Bxc6 {a tempo} 32. exd6 Re6 33. e4 Rxd6 {
a tempo} 34. Nf3 Rf6 35. f5 {[%emt 0:00:09]} Rh6 {[%eval 25,0]} 36. Rd4 f6 37.
b4 Rg8 38. Rg1 Rh5 39. Nxh4 {-66} Nxe4+ {[%eval 104,0]} 40. Nxe4 {a tempo} Rxg1
41. Nxf6 {a tempo} Rhg5 42. Rf4 {-94} Rg7 {[%eval 58,0]} 43. Ng6 Rg2+ 44. Ke3
Rg3+ 45. Kd4 {-37} Rf7 {[%eval 21,0]} 46. Ng4 Rb3 {a tempo} 47. Ke5 Rd3 48. f6
Rd1 49. Ke6 Rc7 {a tempo} 50. N6e5 Bd5+ {[%eval -58,0]} 51. Kf5 {[%emt 0:00:38]
} Re1 52. Nh6 {130} Rc8 {[%eval -123,0]} 53. f7 {a tempo} Ka7 54. Kf6 {a tempo}
Bb3 55. Nd7 {136} Rh1 {[%eval -87,0]} 56. Kg7 Rg1+ 57. Ng4 {a tempo} Be6 58.
Nde5 Rc7 59. Kf8 Rxf7+ {[%eval -2,0]} 60. Rxf7 Bxg4 {[%eval -4,0] a tempo;} 61.
Ke7 {[%emt 0:00:39]} Bh3 62. Kd6 Bg2 63. Kc5 Re1 64. Nd3 Rd1 65. Nf4 Bc6 66.
Rf8 {a tempo} Rc1+ 67. Kd4 Re1 {a tempo} 68. Nd3 Re4+ 69. Kc3 {a tempo} Bb5 {
[%eval -1,0]} 70. Nc5 Rc4+ {a tempo} 71. Kb3 1/2-1/2

[Event "Mephisto Cup (40/120')"]
[Site "?"]
[Date "2014.??.??"]
[Round "3"]
[White "Mephisto ARM2, RISC 1.2."]
[Black "Mephisto ARM6, Montreux"]
[Result "1-0"]
[WhiteElo "2263"]
[BlackElo "2250"]
[Annotator "xchessg"]
[PlyCount "49"]
[SourceDate "2009.11.09"]

1. c4 c6 {Aktiv} 2. d4 d5 3. Nf3 Nf6 4. Nc3 e6 5. e3 Nbd7 6. Bd3 Bd6 7. O-O O-O
8. e4 dxe4 9. Nxe4 Nxe4 10. Bxe4 h6 11. Re1 Nf6 {*Randombook; -74} 12. Bc2 {
[%eval 39,0] *Grossbuch;} b5 {a tempo} 13. c5 Bc7 {a tempo} 14. Ne5 Bb7 15. Bf4
{[%eval 49,0]} Ba5 {-65} 16. Re2 g5 {a tempo} 17. Bc1 Kg7 18. f4 Nd5 19. fxg5
hxg5 {a tempo} 20. Rf2 {[%eval 303,0]} f5 {-419} 21. Qh5 Rf6 22. Bxg5 {[%eval
589,0]} Bc7 {-760} 23. Rf3 {[%eval 717,0]} Bxe5 {-906} 24. dxe5 Rg6 25. Bxd8
1-0

[Event "Mephisto Cup (40/120')"]
[Site "?"]
[Date "2014.??.??"]
[Round "4"]
[White "Mephisto ARM6, Montreux"]
[Black "Mephisto ARM2, RISC 1.2."]
[Result "1-0"]
[WhiteElo "2250"]
[BlackElo "2263"]
[Annotator "xchessg"]
[PlyCount "80"]
[SourceDate "2009.11.09"]

{Aktiv} 1. e4 e5 2. Nf3 Nf6 3. Nc3 Nc6 4. d4 exd4 5. Nd5 Nxe4 6. Bc4 Be7 7.
Nxd4 O-O {[%eval 74,0] *Grossbuch;} 8. Nb5 Bc5 9. O-O Bxf2+ 10. Rxf2 Nxf2 11.
Qe2 Qh4 12. Bf4 Na5 {[%eval 65,0]} 13. Nbxc7 {[%emt 0:00:34] *Randombook;} Rb8
14. Bb5 a6 15. Bd6 Ng4 {[%eval -6,0]} 16. g3 {209} Qxh2+ 17. Qxh2 {a tempo}
Nxh2 {a tempo} 18. Be2 b5 {a tempo} 19. Bxf8 Kxf8 {a tempo} 20. Kxh2 {252} Nc6
{[%eval -182,0]} 21. a4 bxa4 22. Rxa4 a5 23. Re4 f6 24. Re8+ Kf7 {a tempo} 25.
Rh8 Rxb2 {[%eval -250,0]} 26. Bh5+ g6 {a tempo} 27. Rxh7+ Kf8 {a tempo} 28.
Bxg6 Ne5 29. Bf5 Bb7 30. g4 {409} a4 {[%eval -274,0] a tempo;} 31. Nxf6 Bc6 {
-313} 32. Kg3 Nf7 33. Bxd7 Rxc2 34. Ne6+ Ke7 {a tempo} 35. Nd8 Rc3+ 36. Kh4
Kxd8 37. Rxf7 {a tempo} a3 38. Bxc6 Rxc6 {a tempo} 39. g5 Rc1 40. g6 {887} Rh1+
{aufgabe} 1-0

[Event "Mephisto Cup (40/120')"]
[Site "?"]
[Date "2014.??.??"]
[Round "5"]
[White "Mephisto ARM2, RISC 1.2."]
[Black "Mephisto ARM6, Montreux"]
[Result "1/2-1/2"]
[WhiteElo "2263"]
[BlackElo "2250"]
[Annotator "xchessg"]
[PlyCount "108"]
[SourceDate "2009.11.09"]

1. e4 e5 {Aktiv} 2. Nf3 f5 3. Nxe5 Qf6 4. d4 d6 5. Nc4 fxe4 6. Ne3 Nc6 7. d5
Ne5 8. Be2 Qf7 9. Nd2 Nf6 10. c4 Be7 11. O-O O-O 12. f3 {[%eval 30,0]
*Grossbuch;} exf3 {*Randombook; -21} 13. Nxf3 Qg6 14. Nh4 Qf7 15. b3 (15. Nef5
{RISC 2.0-Montreux (1)}) 15... c5 16. Bb2 Bd8 17. Bxe5 {a tempo} dxe5 18. Nhf5
Ba5 19. Bg4 Bc3 20. Rb1 {[%eval 43,0]} Bd4 {-16} 21. Qd2 Bd7 22. Rbe1 Rad8 {a
tempo} 23. a3 Qe8 24. Bh3 Bxf5 {a tempo} 25. Bxf5 {[%eval 40,0]} Qh5 {-02} 26.
Kh1 g6 27. Be6+ Kh8 {a tempo} 28. g3 Ne4 29. Qg2 Nd6 30. Rxf8+ {[%eval 42,0]}
Rxf8 {[%emt 0:00:25]} 31. Rf1 Kg7 32. Rxf8 Kxf8 33. Qf1+ {a tempo} Ke7 34. Ng4
Nf5 35. Qf3 {[%eval 21,0]} Qg5 36. Kg2 {a tempo} h5 37. Bxf5 {a tempo} gxf5 38.
d6+ {a tempo} Kxd6 39. Qd5+ Kc7 {a tempo} 40. Nxe5 {[%eval 0,0]} Qe7 {-05} 41.
Nf7 Qf6 42. Kh3 b6 43. Kg2 Ba1 {a tempo} 44. h4 a5 45. Kh3 {[%eval 27,0]} f4 {
[%emt 0:00:00]} 46. gxf4 {[%eval 0,0] a tempo;} Qc3+ 47. Kg2 Qc2+ 48. Kf1 Bd4
49. Qd8+ Kb7 {a tempo} 50. Qd7+ {[%eval 0,0]} Ka6 {[%emt 0:00:00]} 51. Qc8+ Ka7
52. Qd7+ Ka6 53. Qc8+ Ka7 54. Qd7+ Ka6 1/2-1/2

[Event "Mephisto Cup (40/120')"]
[Site "?"]
[Date "2014.??.??"]
[Round "6"]
[White "Mephisto ARM6, Montreux"]
[Black "Mephisto ARM2, RISC 1.2."]
[Result "1-0"]
[WhiteElo "2250"]
[BlackElo "2263"]
[Annotator "xchessg"]
[PlyCount "86"]
[SourceDate "2009.11.09"]

{Aktiv} 1. d4 d5 2. e4 c6 3. Nc3 dxe4 4. Nxe4 Bf5 5. Ng3 Bg6 6. N1e2 e6 7. Nf4
Bd6 8. Nxg6 hxg6 9. Ne4 Be7 10. g3 Nf6 11. Bg2 Nxe4 {[%eval 6,0] *Grossbuch;}
12. Bxe4 Nd7 (12... e5 {Montreux-RISC 2.0, (6)}) 13. O-O Qb6 14. Bg2 {[%emt 0:
00:34] *Randombook;} Rd8 15. c3 {a tempo} Nf6 {[%eval 13,0]} 16. Qe2 Rd7 17.
Re1 Rh5 18. Bf4 c5 19. Be5 cxd4 20. cxd4 {a tempo; 99} Bd6 {[%eval -23,0]} 21.
Rac1 Ke7 {a tempo} 22. Rc3 Bb4 23. Rb3 Qa5 {a tempo} 24. Rc1 Ne8 {a tempo} 25.
Bf3 {191} Rh6 {[%eval -102,0]} 26. a3 Bd6 {a tempo} 27. Bxb7 Bxe5 28. dxe5 Rh5
29. f4 Rd2 {[%eval -70,0]} 30. Qc4 {a tempo; 239} Kf8 {[%eval -143,0]} 31. h4
Rh8 32. Bc6 Rd8 33. Rb7 Qd2 34. Qc5+ Kg8 {a tempo} 35. Rc2 {345} Qd1+ 36. Kg2
a6 {[%eval -197,0]} 37. Re7 {a tempo} Kh7 38. Rxf7 Rd2+ 39. Rxd2 Qxd2+ 40. Kh3
Qxb2 41. Re7 {531} Qb1 {[%eval -343,0] a tempo;} 42. Qc4 Rg8 43. Qxe6 Qf1+ 1-0

[Event "Mephisto Cup (40/120')"]
[Site "?"]
[Date "2014.??.??"]
[Round "7"]
[White "Mephisto ARM2, RISC 1.2."]
[Black "Mephisto ARM6, Montreux"]
[Result "0-1"]
[WhiteElo "2263"]
[BlackElo "2250"]
[Annotator "xchessg"]
[PlyCount "67"]
[SourceDate "2009.11.09"]

1. e4 e5 {Aktiv} 2. Nf3 Nc6 3. Bb5 f5 4. d3 fxe4 5. dxe4 Nf6 6. O-O d6 7. Nc3
Be7 8. Qd3 Bg4 9. Qc4 {[%eval 12,0] *Grossbuch;} Bxf3 {*Randombook; -55} 10.
gxf3 Qd7 11. Nd5 a6 12. Bxc6 bxc6 13. Nxe7 Kxe7 14. Rd1 Rhb8 15. b3 {[%eval
-15,0]} c5 {[%emt 0:00:35]} 16. Qf1 Kf8 {a tempo} 17. Bb2 Qe6 18. Rd2 Nh5 19.
Qg2 {a tempo} Nf4 20. Qg4 {[%eval -18,0]} Qh6 {81} 21. Rad1 Kg8 22. c4 Rf8 23.
Kh1 Rf6 {275} 24. Bxe5 {[%eval -159,0] a tempo;} dxe5 25. Rd8+ Rf8 26. R8d7 Ne6
{a tempo} 27. Qg3 Qf6 28. R1d5 {a tempo} Rad8 29. Rxd8 {a tempo} Rxd8 30. Rxd8+
Nxd8 31. Qg4 Ne6 32. h4 h6 33. Kh2 Nf4 34. Qc8+ {[%eval -309,0]} 0-1

[Event "Mephisto Cup (40/120')"]
[Site "?"]
[Date "2014.??.??"]
[Round "8"]
[White "Mephisto ARM6, Montreux"]
[Black "Mephisto ARM2, RISC 1.2."]
[Result "1-0"]
[WhiteElo "2250"]
[BlackElo "2263"]
[Annotator "xchessg"]
[PlyCount "81"]
[SourceDate "2009.11.09"]

{Aktiv} 1. d4 d5 2. c4 c6 3. e3 Nf6 {[%eval -9,0] *Grossbuch;} 4. Nc3 e6 {bib}
5. Nf3 Nbd7 6. Bd3 dxc4 7. Bxc4 b5 8. Be2 Bb7 9. O-O a6 10. a3 c5 {[%eval 12,0]
*Grossbuch;} 11. dxc5 {*Randombook; -15} Bxc5 {a tempo} 12. b4 Be7 13. Bb2 Rc8
14. Qb3 O-O 15. Rfd1 Qb6 {[%eval -4,0] a tempo;} 16. Rd4 {-15} Bxf3 17. Bxf3
Rfd8 18. Be2 Nb8 19. Rxd8+ Rxd8 {a tempo} 20. Rd1 {[%emt 0:00:24]} Rxd1+ {
[%eval -13,0]} 21. Qxd1 {a tempo} Bd6 22. Qd3 Nbd7 23. Ne4 {a tempo} Nxe4 24.
Qxe4 Bb8 25. f4 f5 26. Qd3 {a tempo} Nf6 27. Bf3 Bd6 28. h3 Be7 29. g4 fxg4 30.
hxg4 {113} h6 {[%eval -15,0]} 31. Be5 a5 32. g5 hxg5 33. fxg5 {a tempo} Nh7 34.
bxa5 Qxa5 35. Qg6 {182} Bf8 {[%eval -49,0]} 36. Qxe6+ Kh8 {a tempo} 37. Bf4
Qe1+ 38. Kg2 Bxa3 {a tempo} 39. Qe8+ {376} Bf8 {[%eval -289,0]} 40. g6 {a tempo
} Qd2+ {[%eval -347,0]} 41. Kh3 1-0

[Event "Mephisto Cup (40/120')"]
[Site "?"]
[Date "2014.??.??"]
[Round "9"]
[White "Mephisto ARM2, RISC 1.2."]
[Black "Mephisto ARM6, Montreux"]
[Result "0-1"]
[WhiteElo "2263"]
[BlackElo "2250"]
[Annotator "xchessg"]
[PlyCount "89"]
[SourceDate "2009.11.09"]

1. e4 e5 {Aktiv} 2. Nf3 Nc6 3. Bc4 Nf6 4. d3 Be7 5. Bb3 d5 6. Nbd2 O-O 7. O-O
Bg4 {[%emt 0:00:27] Randombook;} 8. exd5 {[%eval -7,0] *Grossbuch;} Nxd5 9. Re1
f6 10. c3 Qd7 11. Ba4 Rfd8 12. d4 exd4 13. Bxc6 bxc6 14. cxd4 c5 15. h3 {
[%eval 0,0]} Bh5 {74} 16. Qc2 Bg6 17. Qc4 Rab8 {a tempo} 18. dxc5 Rb4 19. c6 {
a tempo} Qe8 20. Qa6 {[%eval 3,0]} Rb6 {[%emt 0:00:49]} 21. Qa5 Qxc6 22. Nd4 {
a tempo} Qb7 23. a3 {a tempo} c5 24. N4f3 Bd3 25. Qa4 {[%eval -33,0]} Ra6 {204}
26. Qb3 Qxb3 {a tempo} 27. Nxb3 {a tempo} Rb6 28. Na5 c4 29. Nd4 Bc5 30. Ndc6 {
[%eval -34,0] a tempo;} Ra8 {172} 31. g3 Rb5 32. Rd1 Bb6 33. b4 {[%eval -85,0]}
Nc3 34. Re1 Ne2+ 35. Kg2 {[%eval -98,0]} Re8 {222} 36. a4 {a tempo} Rd5 37. Nb7
{a tempo} Rd7 38. Nba5 {a tempo} Be4+ 39. f3 Bd5 {a tempo} 40. Rb1 {[%eval
-173,0]} c3 {333} 41. Ra1 {a tempo} c2 42. Bb2 Bxc6 {664} 43. Nxc6 {[%eval
-426,0]} Rd2 44. h4 c1=Q 45. Raxc1 {Ich gebe auf} 0-1

[Event "Mephisto Cup (40/120')"]
[Site "?"]
[Date "2014.??.??"]
[Round "10"]
[White "Mephisto ARM6, Montreux"]
[Black "Mephisto ARM2, RISC 1.2."]
[Result "1-0"]
[WhiteElo "2250"]
[BlackElo "2263"]
[Annotator "xchessg"]
[PlyCount "93"]
[SourceDate "2009.11.09"]

{Aktiv} 1. d4 c6 2. e4 d5 3. exd5 cxd5 4. c4 Nf6 5. Nc3 Nc6 6. Bg5 Qa5 7. Bxf6
exf6 8. cxd5 Bb4 9. Qd2 Bxc3 10. bxc3 Qxd5 11. Ne2 O-O {[%eval -7,0] *
Grossbuch;} 12. Nf4 {*randombook; -13} Qe4+ $6 {a tempo} (12... Qd6 $5) 13. Be2
Re8 $6 (13... g5 $5 14. Nh5 Qxg2 15. Nxf6+ Kg7 16. Nh5+ Kh8 $13) 14. O-O $1 Qf5
15. Rab1 b6 {[%eval -36,0]} 16. Rb5 $1 {81} Qd7 17. Rh5 $1 {a tempo} Bb7 18.
Bd3 $1 {77} h6 {[%eval -17,0]} (18... g6 $4 19. Nd5 $18) 19. Nd5 $6 (19. Rxh6
$3 gxh6 20. Nh5 $18) 19... Qd6 $1 (19... Qd8 $6 20. Qf4 $16) 20. Ne3 {a tempo}
Rad8 {a tempo} 21. Nf5 Qf8 $8 22. Rd1 {a tempo} Bc8 23. Qf4 Bxf5 24. Qxf5 g6
25. Qg4 {[%emt 0:00:52]} Ne7 {a tempo;-0.19} 26. Rh3 Nd5 27. Bc4 f5 28. Qg3 Re6
29. Rf1 Re4 30. Bxd5 {[%emt 0:00:44]} Rxd5 {[%eval 1,0]} 31. Qd3 Rd8 32. Qa6
Re7 33. a4 f4 34. a5 Rd6 35. axb6 {[%emt 0:00:49]} Rxb6 {[%eval 15,0]} 36. Qa2
Rbe6 37. Qd2 Re4 {a tempo} 38. d5 R7e5 39. d6 h5 40. d7 {83} Qd8 {[%eval -8,0]}
41. Rd3 h4 42. Rd5 Re7 43. h3 f3 44. gxf3 R4e5 45. Rxe5 {534} Rxe5 {[%eval
-153,0]} 46. Rb1 Kg7 {[%eval -346,0]} 47. Rb8 1-0

[Event "Mephisto Cup (40/120')"]
[Site "?"]
[Date "2014.??.??"]
[Round "1"]
[White "Saitek Sparc, Renaissance"]
[Black "Mephisto ARM2, RISC 1.2."]
[Result "1-0"]
[WhiteElo "2246"]
[BlackElo "2263"]
[Annotator "xchessg"]
[PlyCount "79"]
[SourceDate "2009.11.09"]

{Stufe e7} 1. d4 d5 2. c4 dxc4 3. Nf3 Nf6 4. e3 e6 5. Bxc4 c5 6. O-O a6 7. Qe2
b5 8. Bb3 Bb7 9. Rd1 Nbd7 10. Nc3 Qb8 11. d5 exd5 12. e4 d4 {[%eval 82,0]
*Grossbuch;} 13. Nd5 {[%eval -73,0] *Buch;} Bd6 14. Nxf6+ gxf6 {a tempo} 15.
Bc2 Ne5 16. Kh1 Rg8 17. a4 Nc6 18. Bb1 Ra7 19. axb5 axb5 20. Rxa7 {[%eval -47,
0] a tempo;} Nxa7 {[%eval 33,0]} 21. b4 Qc8 {[%eval -25,0]} 22. bxc5 Bxc5 {a
tempo} 23. Bb2 Qg4 24. Qf1 {a tempo} Nc6 25. Nxd4 Bxd4 {[%eval -68,0] a tempo;}
26. Bxd4 {[%eval 102,0]} Qh5 {a tempo} 27. Bc2 Nxd4 28. Rxd4 {a tempo} Bc6 29.
Qd3 Kf8 {a tempo} 30. Rd6 {[%eval 114,0]} Qc5 {[%eval -90,0]} 31. Rxf6 Rg6 32.
Rf5 Qb4 33. h3 Qe1+ 34. Kh2 Be8 {a tempo} 35. Bb3 Qb4 {a tempo} 36. g3 Ra6 {a
tempo} 37. e5 Rg6 38. Qe3 Kg8 39. e6 {[%eval 398,0]} f6 {[%eval -395,0] a
tempo;} 40. e7+ 1-0

[Event "Mephisto Cup (40/120')"]
[Site "?"]
[Date "2013.??.??"]
[Round "2"]
[White "Mephisto ARM2, RISC 1.2."]
[Black "Saitek Sparc, Renaissance"]
[Result "1-0"]
[WhiteElo "2263"]
[BlackElo "2246"]
[Annotator "xchessg"]
[PlyCount "62"]
[SourceDate "2009.11.09"]

1. d4 f5 {Stufe e7} 2. g3 g6 3. Bg2 Bg7 4. Nf3 Nf6 5. O-O O-O 6. c4 d6 7. Nc3
c6 8. d5 Qa5 9. Bg5 {[%eval 21,0] *Grossbuch;} Ne4 {[%eval 14,0] *Buch;} 10.
Nxe4 {a tempo} fxe4 11. Nd2 e3 12. Bxe3 Bxb2 13. Rb1 {a tempo} Bg7 14. Bg5 {a
tempo} Rf7 15. Qc2 Kh8 16. Ne4 Qc7 {a tempo} 17. Qb3 Na6 {a tempo} 18. Bf4 c5 {
a tempo} 19. Ng5 Rf6 20. a3 {[%eval 48,0] a tempo;} Rb8 {[%eval 44,0]} 21. Qd3
Bf5 22. Be4 h6 23. Ne6 Bxe6 24. dxe6 {a tempo} g5 25. Bd2 Rxe6 {[%eval 39,0] a
tempo;} 26. f4 {[%eval 73,0]} gxf4 27. Rxf4 Be5 28. Rf7 {[%eval 168,0]} Bg7 {
[%eval 245,0]} 29. Bc3 {[%eval 246,0]} Re5 {[%eval 493,0] a tempo;} 30. Rxb7 {
[%eval 468,0]} Rxb7 31. Bxb7 Qb8 1-0

[Event "Mephisto Cup (40/120')"]
[Site "?"]
[Date "2014.??.??"]
[Round "3"]
[White "Saitek Sparc, Renaissance"]
[Black "Mephisto ARM2, RISC 1.2."]
[Result "0-1"]
[WhiteElo "2246"]
[BlackElo "2263"]
[Annotator "xchessg"]
[PlyCount "77"]
[SourceDate "2009.11.09"]

{Stufe e7} 1. c4 c6 2. Nf3 d5 3. d4 Nf6 4. cxd5 cxd5 5. Nc3 Nc6 6. Bf4 Bf5 7.
Qb3 Na5 {[%eval 6,0] *Grossbuch;} 8. Qa4+ Bd7 9. Qc2 {*Buch; -0:02} e6 10. Ne5
Rc8 {a tempo} 11. Nxd7 Qxd7 12. e3 Ne4 13. Bd3 Nxc3 14. bxc3 {a tempo} Bb4 15.
O-O {a tempo; -0:53} Rxc3 {[%eval 68,0]} 16. Qb2 Rxd3 17. Qxb4 Nc6 18. Qc5 f6
19. Rfc1 h6 {[%eval -14,0]} 20. Rab1 {[%emt 0:00:49]} Rd2 21. Qc3 {a tempo}
Rxa2 22. Qb3 {a tempo} Ra6 23. Qxb7 {a tempo} Qxb7 24. Rxb7 {a tempo} O-O 25.
Bg3 {-0:49} Rc8 {[%eval 65,0]} 26. h3 Kh7 27. Kh2 Kg6 {a tempo} 28. h4 Ra4 29.
Bf4 {a tempo} Rc4 30. Rxc4 {-0:41} dxc4 {[%eval 134,0]} 31. h5+ Kh7 32. Rb5 e5
33. dxe5 Nxe5 {a tempo} 34. Bxe5 fxe5 {a tempo} 35. Rb1 {[%eval -134,0]} c3 {
[%eval 158,0]} 36. f4 exf4 37. exf4 a5 38. Rc1 a4 {[%eval 358,0] a tempo;} 39.
g4 {[%eval -435,0]} 0-1

[Event "Mephisto Cup (40/120')"]
[Site "?"]
[Date "2014.??.??"]
[Round "4"]
[White "Mephisto ARM2, RISC 1.2."]
[Black "Saitek Sparc, Renaissance"]
[Result "1/2-1/2"]
[WhiteElo "2263"]
[BlackElo "2246"]
[Annotator "xchessg"]
[PlyCount "160"]
[SourceDate "2009.11.09"]

1. e4 c6 {stufe e7} 2. d4 d5 3. Nc3 dxe4 4. Nxe4 Bf5 5. Ng3 Bg6 6. h4 h6 7. h5
Bh7 8. Nf3 Nd7 9. Bd3 Bxd3 10. Qxd3 Qc7 11. Bd2 e6 12. O-O-O O-O-O 13. Qe2 {
[%eval 20,0] *Grossbuch;} Ngf6 {[%eval 22,0] *Buch;} 14. Ne5 Nb6 {bib} 15. Ba5
{bib} Rd5 16. Bxb6 axb6 17. c4 Ra5 {[%eval -17,0] *Buch;} 18. a3 {[%eval 26,0]
*Grossbuch;} Nd7 19. f4 b5 {a tempo} 20. cxb5 {[%eval 39,0]} Rxb5 21. Rd2 {a
tempo} Nb6 {[%eval -45,0]} 22. Ne4 Rd5 23. Rhd1 Ra5 24. Rc2 Nd5 25. g3 {[%eval
65,0]} Nf6 {[%eval 1,0]} 26. Kb1 Nxe4 27. Qxe4 {a tempo} Rd5 28. Rdc1 {a tempo}
Kb8 29. Qe3 {a tempo} Bd6 30. Qb3 Ka8 {[%eval -1,0] a tempo;} 31. Rc4 {[%eval
15,0]} Bxe5 32. fxe5 Rhd8 33. g4 Qd7 34. Ra4+ Kb8 35. Rcc4 {[%eval 18,0]} f6 {
[%eval -31,0]} 36. Qb6 Rb5 37. Qa7+ {a tempo} Kc8 38. Rc5 Kc7 {a tempo} 39.
Rxb5 cxb5 {a tempo} 40. Rb4 {[%eval 21,0]} Qd5 {[%eval 3,0]} 41. Qa5+ b6 42.
Qa6 fxe5 {a tempo} 43. Rxb5 {[%eval 76,0]} Qxd4 44. Qa7+ Kc6 45. Rb4 {[%eval
72,0]} Qc5 {[%eval 57,0] a tempo;} 46. Rb3 Rd4 47. Qa6 Rd1+ 48. Ka2 {a tempo}
Qd4 49. Qc8+ Kd6 {a tempo} 50. Qf8+ {[%eval 137,0]} Kc6 {[%eval 86,0]} 51. Qg8
Kd6 52. Qe8 e4 53. Qd8+ Kc6 {a tempo} 54. Rc3+ Kb5 55. Qe8+ {[%eval 106,0] a
tempo;} Qd7 {[%eval 29,0]} 56. Qa8 Rd4 57. Rb3+ {a tempo} Kc5 58. Qf8+ {a tempo
} Kc6 59. Qb8 Qd8 {a tempo} 60. Rc3+ {[%eval 127,0]} Kb5 {[%eval 83,0]} 61. Qb7
e5 62. Rb3+ Kc5 63. Qxg7 Qd6 64. Qb7 Rd3 65. Rxb6 {[%eval 113,0] a tempo;} Qd5+
{[%eval 87,0]} 66. Qxd5+ Kxd5 67. Rb3 Kd4 {a tempo} 68. g5 {[%eval 34,0]} hxg5
{[%eval 108,0]} 69. h6 Rf3 {a tempo} 70. Rxf3 exf3 {[%eval 63,0] a tempo;} 71.
h7 f2 72. h8=Q f1=Q {[%eval 68,0]} 73. Qd8+ {[%eval 0,0]} Ke4 74. Qxg5 Qc4+ 75.
Kb1 Qd3+ 76. Ka2 Qc4+ 77. Kb1 Qd3+ 78. Kc1 {[%eval 0,0]} Qc4+ 79. Kd2 Qd3+ 80.
Kc1 Qc4+ 1/2-1/2

[Event "Mephisto Cup (40/120')"]
[Site "?"]
[Date "2014.??.??"]
[Round "5"]
[White "Saitek Sparc, Renaissance"]
[Black "Mephisto ARM2, RISC 1.2."]
[Result "0-1"]
[WhiteElo "2246"]
[BlackElo "2263"]
[Annotator "xchessg"]
[PlyCount "50"]
[SourceDate "2009.11.09"]

{Stufe e7} 1. e4 c5 2. Nf3 Nc6 3. d4 cxd4 4. Nxd4 e5 5. Nb5 a6 6. Nd6+ Bxd6 7.
Qxd6 Qf6 8. Qd1 Qg6 9. Nc3 d5 10. Nxd5 {[%eval 124,0] *Buch;} Qxe4+ 11. Be3 Nd4
12. Nc7+ {[%eval 138,0]} Ke7 13. Nxa8 Nxc2+ 14. Kd2 {[%eval 88,0]} Nxe3 15.
fxe3 {[%eval 217,0]} Nf6 16. Qb3 {[%eval 208,0]} Rd8+ 17. Ke1 {[%eval 73,0]}
Ng4 18. Rc1 Be6 19. Qb6 {[%eval -42,0]} Nxe3 {[%eval 94,0] *Grossbuch;} 20. Be2
{[%eval -334,0] a tempo;} Nxg2+ {[%eval 313,0]} 21. Kf2 Nf4 22. Qxb7+ {[%eval
-594,0] a tempo;} Qxb7 23. Rc7+ Qxc7 24. Nxc7 {a tempo} Rd2 25. Re1 {[%eval
-608,0]} Rxb2 {[%eval 579,0]} 0-1

[Event "Mephisto Cup (40/120')"]
[Site "?"]
[Date "2014.??.??"]
[Round "6"]
[White "Mephisto ARM2, RISC 1.2."]
[Black "Saitek Sparc, Renaissance"]
[Result "1-0"]
[WhiteElo "2263"]
[BlackElo "2246"]
[Annotator "xchessg"]
[PlyCount "115"]
[SourceDate "2009.11.09"]

1. c4 e6 {stufe f3} 2. Nf3 d5 3. g3 Nf6 4. Bg2 c6 5. b3 b5 6. cxd5 {[%eval 3,0]
*Grossbuch;} exd5 {[%eval 7,0] *Buch;} 7. Bb2 Bd6 8. O-O O-O 9. Nc3 Na6 10. d3
Re8 11. a3 {a tempo} Rb8 12. b4 Rb7 13. Rc1 Rbe7 {a tempo} 14. Nd4 Bd7 15. e3 {
[%eval 27,0]} Qb6 {[%eval -3,0] a tempo;} 16. Qc2 Qb7 17. Nb3 {a tempo} Be5 18.
Nd1 {a tempo} Bxb2 19. Nxb2 {a tempo} Qb6 20. Qc3 Re5 {a tempo} 21. Nd4 Nb8 22.
Rc2 {a tempo} Ng4 23. Rfc1 Rh5 24. h3 Nf6 25. g4 {[%eval 84,0]} Rhe5 {[%eval
33,0]} 26. Nd1 a6 27. f4 R5e7 28. Bh1 Qa7 29. Bf3 h6 {a tempo} 30. Bh1 Qb6 {
[%eval 26,0]} 31. Bg2 {[%eval 68,0]} Qc7 32. Qc5 Qd8 33. Kf1 Kh8 34. Qd6 Qb6 {
a tempo} 35. Rd2 {[%eval 55,0]} a5 {[%eval -36,0]} 36. bxa5 Qxa5 37. Rdc2 Qa7
38. g5 hxg5 39. fxg5 {a tempo} Nh7 40. h4 {[%eval 15,0]} f6 41. g6 Nf8 42. h5 {
a tempo} Rxe3 {[%eval -75,0]} 43. Nxe3 {[%eval 46,0] a tempo;} Qxd4 {a tempo}
44. Re2 Ne6 {a tempo} 45. Nc2 Qxd3 46. Rce1 Rg8 47. Kg1 Ng5 {a tempo} 48. Qh2
Rf8 49. Qf4 Rc8 {[%eval -1,0] a tempo;} 50. Qb4 {[%eval 62,0]} Ne6 51. Qe7 {
[%eval 178,0]} Rg8 {[%eval 89,0]} 52. Rxe6 Bxe6 {a tempo} 53. Qxe6 Nd7 {[%eval
542,0]} 54. Qxd7 Qxc2 {a tempo} 55. Re8 Qd1+ 56. Bf1 Qd4+ 57. Kg2 Qg4+ 58. Qxg4
1-0